00694nam a2200241 a 4500001001300000003000900013005001700022008004100039020001100080082001900091100002300110245004000133260004200173300000800215500003500223505001000258650001600268700002300284902000800307942000700315952011500322999001500437nice12345678IN_TiNIC20260116011930.0050524s1957 alia grp 000 0 urd  ac0.7500a891.4391bAKH1 aAkhtar, Jaan Nisar aIntekhab-E-Kalam(jaan Nisar Akhtar) aAligarhbAnjuman Taraqqi-E-Urduc1957 a64p aincludes index and biblioraphy2 aNotes aUrdu-Poetry1 aAkhtar, Jaan Nisar bSRS cBK 001040708StackRoom-aHMIbHMId2007-06-22g0.75l0o891.4391 AKH1p09623r2007-06-22v0.75w2005-05-24yBK c4954d4954